Marvel Characters With Their Own Audio Dramas by Picture - Statistics

General Stats
  • This quiz has been taken 15 times
  • The average score is 8 of 9
Answer Stats
Picture Answer % Correct
Black Widow
100%
Doctor Strange
100%
Fantastic Four
100%
Hawkeye
100%
Spider-Man
100%
Wolverine
100%
Doctor Doom
87%
Squirrel Girl
80%
Star-lord
73%
No matching quizzes found
Score Distribution
Percent of People with Each Score
Percentile by Number Answered
Your Score History
You have not taken this quiz